| 000 | 01866nam a22003735a 4500 | ||
|---|---|---|---|
| 999 |
_c27175 _d27147 |
||
| 003 | EG-ScBUE | ||
| 005 | 20190618110850.0 | ||
| 008 | 190218s2014 ua frb 000 0 ara d | ||
| 017 | _a2014 / 3278 | ||
| 020 | _a9789773566478 | ||
| 020 | _a9789773564780 | ||
| 040 |
_aEG-ScBUE _bara _cEG-ScBUE _dEG-ScBUE |
||
| 043 | _af-ua--- | ||
| 082 | 0 | 4 |
_a297.830962 _bم ح ي _222 |
| 100 | 1 | _aمحي، حسام. | |
| 245 | 1 | 0 |
_aمسلمون بلا هوية : _bبين جماعة الإخوان المسلمين و السلفية السياسية : المؤامرة الإخوانية الإيرانية التركية الأمريكية على الأمة العربية / _cحسام محي. |
| 246 | 3 | 4 |
_aمسلمون بلا هوية : _bبين جماعة الإخوان المسلمين و السلفية السياسية |
| 250 | _aط. 1. | ||
| 260 |
_aالجيزة، مصر : _bهلا للنشر والتوزيع، _c2014. |
||
| 300 |
_a222 ص. ؛ _c24 سم. |
||
| 504 | _aيشتمل على إرجاعات ببليوجرافية. | ||
| 600 | 1 | 7 |
_aحسن البنا، حسن أحمد عبد الرحمن، الشيخ، _d 1324-1368. _2BUEsh |
| 600 | 1 | 7 |
_aقطب، سيد، _d1906-1966. _2BUEsh |
| 610 | 2 | 7 |
_aالإخوان المسلمون (مصر) _xتاريخ. _2BUEsh |
| 610 | 2 | 7 |
_aالإخوان المسلمون (مصر) _xسياسة وحكومة _zإيران. _2BUEsh |
| 610 | 2 | 7 |
_aالإخوان المسلمون (مصر) _xسياسة وحكومة _zالولايات المتحدة الأمريكية. _2BUEsh |
| 610 | 2 | 7 |
_aالإخوان المسلمون (مصر) _xسياسة وحكومة _zتركيا. _2BUEsh |
| 650 | 7 |
_aالحركات الإسلامية _xسياسة وحكومة. _2BUEsh |
|
| 650 | 7 |
_aالإسلام والماسونية. _2BUEsh |
|
| 650 | 7 |
_aالشيعة _2BUEsh |
|
| 651 | _2BUEsh | ||
| 653 |
_bBUSBOL _cFebruary2019 |
||
| 942 | _2ddc | ||